| 000 | 00857nam a2200313 a 4500 | ||
|---|---|---|---|
| 001 | vtls001406923 | ||
| 003 | NLI | ||
| 005 | 20210627113858.0 | ||
| 008 | 121127s1976 ii 001 0 eng | ||
| 020 | _cRs. 76.00 | ||
| 039 | 9 |
_y201211272042 _zVLOAD |
|
| 040 |
_aNLI _beng _cDatasoft_2012 _eAACR2 |
||
| 041 | 0 | _aeng | |
| 044 | _a ii | ||
| 082 | 0 | 4 | _a 709.54 |
| 100 | 1 |
_aRau, Heimo _9705743 |
|
| 245 | 1 | 0 |
_aReflection on Indian art / _cHeimo Rau ; edited by S. A. Upadhyaya |
| 260 |
_aBombay : _bShakuntala, _cc1976 |
||
| 300 |
_axvi, 179 p. ; _c24 cm. |
||
| 500 | _aGlossary : p. 157-169 | ||
| 500 | _aIncludes index | ||
| 650 | 0 | _aIslamic art | |
| 650 | 0 | _aArchitecture, Islamic | |
| 700 | 1 |
_aUpadhyaya, S.A., _4edt _9986182 |
|
| 887 | _a | ||
| 901 |
_aDB32167 _b26.06.1977 |
||
| 902 | _aE/O 709.54 R 19 | ||
| 999 |
_aVIRTUA40 _c862012 _d862012 |
||
| 942 |
_2ddc _cBKS |
||